00191nam a2200073Ia 4500008004100000100001300041245004400054260001900098170617s9999 xx 000 0 und d akapoor-K 0aTextbook of Pharmaceutical Microbiology bMeerut Pragati